书目信息 |
| 题名: |
国有资本质量透视与战略重组
|
|
| 作者: | 朱志刚 主编 | |
| 分册: | ||
| 出版信息: | 北京 经济科学出版社 1999.07 |
|
| 页数: | 209页 | |
| 开本: | 32开 | |
| 丛书名: | ||
| 单 册: | ||
| 中图分类: | F123 | |
| 科图分类: | ||
| 主题词: | 经济--中国 | |
| 电子资源: | ||
| ISBN: | 7-5058-1798-1 | |
| 000 | 00588nam0 2200193 45 | |
| 001 | 0104161071 | |
| 005 | 20010416102156.5 | |
| 010 | @a7-5058-1798-1@d15.00元 | |
| 100 | @a20010416d1999 km y0chiy0120 ea | |
| 101 | 0 | @achi |
| 105 | @a z 000yy | |
| 200 | 1 | @a国有资本质量透视与战略重组@AGuo You Zi Ben Zhi Liang Tou Shi Yu Zhan Lue Zhong Zu@f朱志刚主编@FZhu Zhi Gang Zhu Bian |
| 210 | @a北京@c经济科学出版社@d1999.07 | |
| 215 | @a209页@d32开 | |
| 606 | 0 | @a经济@x中国 |
| 690 | @aF123@v3 | |
| 701 | 0 | @a朱志刚@4主编 |
| 801 | @aCN@bPftUser@c20010416 | |
| 905 | @b338479-481@dF123@eZH285@f3 | |
| 国有资本质量透视与战略重组/朱志刚主编.-北京:经济科学出版社,1999.07 |
| 209页;32开 |
| ISBN 7-5058-1798-1:15.00元 |
| ● |
| 相关链接 |
|
|
|
正题名:国有资本质量透视与战略重组
索取号:F123/ZH285
 
预约/预借
| 序号 | 登录号 | 条形码 | 馆藏地/架位号 | 状态 | 备注 |
| 1 | 338479 | 203384792 | 社科库409/409社科库 68排3列5层/ [索取号:F123/ZH285] | 在馆 | |
| 2 | 338480 | 203384809 | 社科二线400B/400B社科库 31排2列5层/ [索取号:F123/ZH285] | 在馆 | |
| 3 | 338481 | 203384818 | 社科库409/409社科库 68排3列5层/ [索取号:F123/ZH285] | 在馆 |